| 000 | 00494nam a2200181 a 4500 | ||
|---|---|---|---|
| 001 | 5484 | ||
| 003 | CO-ViMGA | ||
| 008 | 141112s2004 ck r 000 u spa d | ||
| 040 |
_aCO-ViMGA _bspa _cCO-ViMGA |
||
| 082 | _aR796.325 P373r | ||
| 100 | 1 |
_aPerea, Rosero Tucidides _910179 |
|
| 245 | 1 | 0 | _aReglamento de voleibol |
| 260 |
_aBogotá : _bPanAméricana, _c1990 |
||
| 300 | _a145 p : il | ||
| 590 | _aDatos de inventario : 05457 | ||
| 650 | 1 | 4 |
_aVOLEIBOL - REGLAMENTOS _911112 |
| 942 |
_2ddc _cBK |
||
| 999 |
_c11359 _d11359 |
||